000 00719nam a2200229Ia 4500
001 182
003 GE_BSU
008 181216s||||||||xx |||||||||||||| ||und||
020 _a9994084321
040 _cGE_BSU
080 _a33
100 _aადვაძე, ვალერიან
245 _aეკონომიკური აზროვნების დეფიციტი
245 _cრედ. გურამ ყუფუნია
260 _aთბილისი
260 _bმერანი
260 _c2005
300 _a355გვ.
541 _h20 ლ.
653 _aსაქართველოს ეკონომიკური აზრონება
942 _cBK
999 _c34440
_d34440